All you wanted to know about mathematics but were afraid to ask : (Record no. 8360)

MARC details
000 -LEADER
fixed length control field 01222cam a2200313 a 4500
001 - CONTROL NUMBER
control field 2542386
003 - CONTROL NUMBER IDENTIFIER
control field OSt
005 - DATE AND TIME OF LATEST TRANSACTION
control field 20240611092600.0
008 - FIXED-LENGTH DATA ELEMENTS--GENERAL INFORMATION
fixed length control field 940621m19951998enka 001 0 eng
010 ## - LIBRARY OF CONGRESS CONTROL NUMBER
LC control number 94028451
020 ## - INTERNATIONAL STANDARD BOOK NUMBER
International Standard Book Number 0521434653 (hardback : v. 1)
020 ## - INTERNATIONAL STANDARD BOOK NUMBER
International Standard Book Number 0521436001 (pbk. : v. 1)
020 ## - INTERNATIONAL STANDARD BOOK NUMBER
International Standard Book Number 0521434661 (hardback : v. 2)
020 ## - INTERNATIONAL STANDARD BOOK NUMBER
International Standard Book Number 052143601X (pbk. : v. 2)
040 ## - CATALOGING SOURCE
Original cataloging agency DLC
Transcribing agency DLC
Modifying agency DLC
082 00 - DEWEY DECIMAL CLASSIFICATION NUMBER
Classification number 510 LYO 1995
Edition number 20
100 1# - MAIN ENTRY--PERSONAL NAME
Personal name Lyons, Louis.
9 (RLIN) 10087
245 10 - TITLE STATEMENT
Title All you wanted to know about mathematics but were afraid to ask :
Remainder of title mathematics for science students /
Statement of responsibility, etc. Louis Lyons.
260 ## - PUBLICATION, DISTRIBUTION, ETC. (IMPRINT)
Place of publication, distribution, etc. Cambridge ;
-- New York :
Name of publisher, distributor, etc. Cambridge University Press,
Date of publication, distribution, etc. 1995-1998.
300 ## - PHYSICAL DESCRIPTION
Extent 2 v. :
Other physical details ill. ;
Dimensions 24 cm.
500 ## - GENERAL NOTE
General note Includes indexes.
650 #0 - SUBJECT ADDED ENTRY--TOPICAL TERM
Topical term or geographic name as entry element Mathematics.
856 42 - ELECTRONIC LOCATION AND ACCESS
Materials specified Publisher description
Uniform Resource Identifier <a href="http://www.loc.gov/catdir/description/cam026/94028451.html">http://www.loc.gov/catdir/description/cam026/94028451.html</a>
856 41 - ELECTRONIC LOCATION AND ACCESS
Materials specified Table of contents
Uniform Resource Identifier <a href="http://www.loc.gov/catdir/toc/cam021/94028451.html">http://www.loc.gov/catdir/toc/cam021/94028451.html</a>
906 ## - LOCAL DATA ELEMENT F, LDF (RLIN)
a 7
b cbc
c orignew
d 1
e ocip
f 19
g y-gencatlg
942 ## - ADDED ENTRY ELEMENTS (KOHA)
Source of classification or shelving scheme Dewey Decimal Classification
Koha item type Open Shelf
Holdings
Withdrawn status Lost status Source of classification or shelving scheme Damaged status Not for loan Home library Current library Date acquired Inventory number Total Checkouts Full call number Barcode Date last seen Price effective from Koha item type Source of acquisition
    Dewey Decimal Classification     MUST Main Library MUST Main Library 11/06/2024 09/31827   510 LYO 1995 2024-20236 11/06/2024 11/06/2024 Open Shelf  
    Dewey Decimal Classification     MUST Main Library MUST Main Library 14/06/2024 1997/10873   510 LYO 1995 2024-20511 14/06/2024 14/06/2024 Open Shelf Donation